000 nam a22 a 4500
999 _c1865
_d1865
005 20170512105014.0
008 170512b1994 my ||||| |||| 00| 0 eng d
020 _a9836215565
040 _aAKMAL
082 _a340.59 ADL
090 _a340.59
_bADL
245 _aAl-Ahkam Al-'Adliyah
_bUndang-Undang Sivil Islam
250 _a3rd Edt.
260 _aKuala Lumpur
_bPercetakan Naz
_c1994
300 _a688 ms
_c24cm
942 _2ddc
_cBOOK